000 00316nam a22001217a 4500
008 230629b xxu||||| |||| 00| 0 eng d
020 _a0195034155
082 _a338.9
_bMEI 1984
245 _aLeading Issues in Economic Development
260 _bOxford University Press
_c1984
300 _aVIII,768p
942 _2ddc
_cBK
999 _c3018
_d3018